Memphis - Sakkara.

محفوظ في:

مؤلف مشترك: Lehnert & Landrock.

التنسيق: كتاب

اللغة: English
German
Swedish
French
Italian
Spanish

منشور في: [Cairo] : Lehnert & Landrock, [1987?].

سلاسل: Orbis terrae Aegyptiae.

الموضوعات:

الوسوم: إضافة وسم

لا توجد وسوم, كن أول من يضع وسما على هذه التسجيلة!

رقم الطلب: DT73 .M5 M4

LEADER 00782nam a22002537a 4500
003 OSt
005 20251209092243.0
008 251209t1987 ua a g 000 0 eng d
040 |c ARCE Library 
041 0 |a eng  |a ger  |a swe  |a fre  |a ita  |a spa 
043 |a f-ua--- 
050 1 4 |a DT73 .M5  |b M4 
110 2 |a Lehnert & Landrock.  |9 22787 
245 1 0 |a Memphis - Sakkara. 
264 1 |a [Cairo] :   |b Lehnert & Landrock,   |c [1987?]. 
300 |a 30 pages :   |b 56 illustrations (some color) ;   |c 17 cm. 
490 0 |a Orbis terrae Aegyptiae. 
546 |a Text in English, German, Swedish, French, Italian, and Spanish. 
651 0 |a Ṣaqqārah (Egypt)  |x Antiquities. 
651 0 |a Memphis (Extinct city)  
651 0 |a Egypt  |x Antiquities. 
901 |a reviewed 
942 |c BK  |2 lcc 
999 |c 16589  |d 16589